000 00544nam a2200169 i 4500
001 64508
003 ES-MaACL
005 20230906165139.0
007 t|
008 031226s1950 sp ||||1| spa d
100 1 _aFont Puig, Pedro.
_951567
245 1 0 _a¿Debe la cinematografía ser incluida entre las Bellas Artes? /
_cPedro Font Puig.
260 _aMadrid :
_b[s.n.,
_c1950]
300 _a3 h. ;
_c24 cm.
500 _aPublicado en la Revista de Ideas Estéticas, abril-mayo, nº 30, p. 203-207.
852 _aES-MaACL
_j1925-F-3
_bR.30615
999 _c64508
_d64508